Online
Catalog

La guerra silenciosa : (Record no. 34807)

MARC details
000 -CABECERA
campo de control de longitud fija 01549nam a2200361 u 4500
001 - NÚMERO DE CONTROL
campo de control 000035316
003 - IDENTIFICADOR DEL NÚMERO DE CONTROL
campo de control OSt
005 - FECHA Y HORA DE LA ÚLTIMA TRANSACCIÓN
campo de control 20240508073816.0
007 - CAMPO FIJO DE DESCRIPCIÓN FÍSICA--INFORMACIÓN GENERAL
campo de control de longitud fija ta
008 - DATOS DE LONGITUD FIJA--INFORMACIÓN GENERAL
campo de control de longitud fija 111027s2011 dr r 000 0 spa d
020 ## - NÚMERO INTERNACIONAL ESTÁNDAR DEL LIBRO
Número Internacional Estándar del Libro 9789945074291
040 ## - FUENTE DE LA CATALOGACIÓN
Centro catalogador/agencia de origen DO-SdBNP
Lengua de catalogación spa
Centro/agencia transcriptor BNPHU
041 ## - CÓDIGO DE LENGUA
Código de lengua original spa
082 ## - NÚMERO DE LA CLASIFICACIÓN DECIMAL DEWEY
Número de clasificación xxxx
Número de documento/Ítem S194g
100 1# - ENTRADA PRINCIPAL--NOMBRE DE PERSONA
Nombre de persona San Miguel, Pedro L.
9 (RLIN) 20508
245 13 - MENCIÓN DE TÍTULO
Título La guerra silenciosa :
Resto del título las luchas sociales en la ruralía dominicana /
Mención de responsabilidad, etc. Pedro L. San Miguel. ; Juan F. Domínguez Novas, diagración e índice onomástico.
260 ## - PUBLICACIÓN, DISTRIBUCIÓN, ETC.
Lugar de publicación, distribución, etc. Santo Domingo :
Nombre del editor, distribuidor, etc. Archivo General de la Nación,
Fecha de publicación, distribución, etc. 2011.
300 ## - DESCRIPCIÓN FÍSICA
Extensión 307 p. ;
Dimensiones 23 cm.
490 1# - MENCIÓN DE SERIE
Mención de serie Archivo General de la Nación
Designación de volumen o secuencia 135
500 0# - NOTA GENERAL
Nota general Incluye índice onomástico
504 ## - NOTA DE BIBLIOGRAFÍA, ETC.
Nota de bibliografía, etc. Incluye referencias bibliográficas y notas al pie de las páginas
504 ## - NOTA DE BIBLIOGRAFÍA, ETC.
Nota de bibliografía, etc. contiene fuentes y bibliografía, pg. 265-289
505 1# - NOTA DE CONTENIDO CON FORMATO
Nota de contenido con formato Prefacio a la primera edición.-
505 1# - NOTA DE CONTENIDO CON FORMATO
Nota de contenido con formato Prefacio a la edición Dominicana.-
505 1# - NOTA DE CONTENIDO CON FORMATO
Nota de contenido con formato Capítulo I :
Título ¿Una historia sin campesinos?
505 1# - NOTA DE CONTENIDO CON FORMATO
Nota de contenido con formato Capítulo II :
Título Una clase incómoda.-
505 1# - NOTA DE CONTENIDO CON FORMATO
Nota de contenido con formato Capítulo III :
Título La domesticación de la bestia calibanesca.-
505 1# - NOTA DE CONTENIDO CON FORMATO
Nota de contenido con formato Capítulo IV :
Título Crónica de una reforma agraria al revés.-
505 1# - NOTA DE CONTENIDO CON FORMATO
Nota de contenido con formato Capítulo V :
Título Los campesinos y el gran diseño.-
505 1# - NOTA DE CONTENIDO CON FORMATO
Nota de contenido con formato Concluisiones :
Título campesinado y procesos políticos o la paradoja de la democracia dominicana.-<br/>glosario.-<br/>Fuentes y bibliografías.-<br/>índice onomástico.
700 ## - PUNTO DE ACCESO ADICIONAL--NOMBRE DE PERSONA
Nombre de persona Domínguez Nova , Juan F.
9 (RLIN) 77355
942 ## - ELEMENTOS DE PUNTO DE ACCESO ADICIONAL (KOHA)
Fuente del sistema de clasificación o colocación Dewey Decimal Classification
Tipo de ítem Koha Libro
Holdings
Estado de retiro Estado de pérdida Fuente del sistema de clasificación o colocación No para préstamo Código de colección Localización permanente Ubicación/localización actual Ubicación en estantería Fecha de adquisición Fuente de adquisición Número de inventario Total de préstamos Signatura topográfica completa Código de barras Fecha visto por última vez Número de copia Precio válido a partir de Tipo de ítem Koha
    Dewey Decimal Classification   Dominicana de Servicio General General Depósito 11.09.2012 Donado por el Archivo General de la Nación LF1   xxxx S194g 35316-30 25.06.2020 e. 3 25.06.2020 Libro y Folleto Colección Dominicana de Servicio
    Dewey Decimal Classification   Dominicana de Servicio General General Depósito 25.11.2016 Donado por ICDA LF1   xxxx S194g 35316-40 25.06.2020 e. 4 25.06.2020 Libro y Folleto Colección Dominicana de Servicio
    Dewey Decimal Classification   Dominicana de Servicio General General Orden iniciada 03.01.2017 Donado por Poder Judicial LF1   xxxx S194g 35316-50 25.06.2020 e.5 25.06.2020 Libro y Folleto Colección Dominicana de Servicio
    Dewey Decimal Classification Excluido de préstamo Patrimonio Dominicano Patrimonio Dominicano Patrimonio Dominicano Depósito 13.10.2011 Donado por el Archivo General de la Nación LF1   xxxx S194g 35316-10 25.06.2020   25.06.2020 Libro y Folleto Colección Patrimonio Dominicano
    Dewey Decimal Classification Excluido de préstamo Patrimonio Dominicano Patrimonio Dominicano Patrimonio Dominicano Depósito 11.06.2013 Perteneció a la biblioteca personal de Chiqui Vicioso / Fidelio Despradel. LF1   xxxx S194g 35316-20 25.06.2020 e. 2 25.06.2020 Libro y Folleto Colección Patrimonio Dominicano

Powered by Koha